000 00607nam a2200229Ia 4500
003 OSt
005 20221007080533.0
006 a|||||r|||| 00| 0
007 ta
008 221006b |||||||| |||| 00| 0 eng d
024 _a12,559
037 _cTextual
040 _aFLL
_cFLL
_beng
041 _2eng
_aeng
082 _aV23661:1:N7, L3
100 _aNarayan Shriman Au.
_9694990
245 0 _aThose ten months
260 _aNew Delhi
_bVikas pub. India
_c1973
300 _a204p
_ccm.
942 _hV23661:1:N7, L3
_cTEXL
_2CC
999 _c1160021
_d1160021